Вып. 21; Расчеты на прочность. Теоретические и экспериментальные исследования прочности машиностроительных конструкций

গ্রন্থ-পঞ্জীর বিবরন
Parent link:Расчеты на прочность. Теоретические и экспериментальные исследования прочности машиностроительных конструкций: сборник статей. Вып. 21.— , 1955-
অন্যান্য লেখক: Тарабасов Н. Д. Николай Данилович (редактор)
ভাষা:রুশ
প্রকাশিত: 1980
বিষয়গুলি:
বিন্যাস: গ্রন্থ
KOHA link:https://koha.lib.tpu.ru/cgi-bin/koha/opac-detail.pl?biblionumber=305340

MARC

LEADER 00000nam2a2200000 4500
001 305340
005 20231102001806.0
035 |a (RuTPU)RU\TPU\book\330608 
090 |a 305340 
100 |a 20150925d1980 k y0rusy50 ca 
101 0 |a rus 
102 |a RU 
105 |a a z 001zy 
200 0 |a Вып. 21  |f под ред. Н. Д. Тарабасова 
210 |d 1980 
215 |a 264 с.  |c ил. 
320 |a Библиография в конце статей 
461 1 |0 (RuTPU)RU\TPU\book\139463  |t Расчеты на прочность. Теоретические и экспериментальные исследования прочности машиностроительных конструкций  |o сборник статей  |v Вып. 21  |d 1955-  
606 |a Машиностроительные конструкции  |x Расчет на прочность  |x Расчет на жесткость  |2 stltpush  |3 (RuTPU)RU\TPU\subj\41655  |9 61442 
610 1 |a детали машин 
610 1 |a машины 
610 1 |a исследования 
610 1 |a прочность 
610 1 |a жесткость 
610 1 |a устойчивость 
610 1 |a колебания 
610 1 |a упругость 
675 |a 621.01:539.4  |v 3 
702 1 |a Тарабасов  |b Н. Д.  |g Николай Данилович  |4 340 
801 1 |a RU  |b 63413507  |c 20150925 
801 2 |a RU  |b 63413507  |c 20170906  |g RCR 
942 |c BK